00800nam a2200217 a 450000100100000000500170001000800410002702000150006804000250008308200160010824501160012425000110024026000330025130000280028444000180031250000210033070000670035170000300041895201190044899900150056700000370620200929150534.0090713s1982 sp a 001 0 spa d a8472551334 aDO-SdBNPbspacBNPHU axxxxbL697m03aEl libro de los muertos /cintroducción y epílogo José Manuel Álvarez Flórez ; edición R. Zendrera. a2a ed. aBarcelona :bVerón,c1982. a348 p. :bil. ;c18 cm. 0aScriba911312 aIncluye índice1 aÁlvarez Flórez, José Manuel,eintrod. y epílogo9113131 aZendrera, R.,eed.911314 001054708MOaGRbGRcCTd2009-07-13iLF1l0oxxxx L697mp3706-10r2020-06-25w2020-06-25y4ZPréstamo en sala c3528d3528